| 000 | 00618nam a2200217 u 4500 | ||
|---|---|---|---|
| 005 | 20240913064623.0 | ||
| 008 | 140728s1999 r 000 0 eng d | ||
| 020 | _a9507249281 | ||
| 035 | _aUPN01000198540 | ||
| 049 | _aCG | ||
| 050 | 4 |
_aHQ809 _bS2.8 |
|
| 100 | 1 |
_aSanz, Diana _936307 |
|
| 245 | 1 | 0 |
_aViolencia y abuso en la familia / _cDiana Sanz, Alejandro Molina. |
| 260 |
_aBuenos Aires : _bLumen/Hvmanitas, _c1999. |
||
| 300 | _a351 p. | ||
| 440 | 0 | _aMinoridad y familia | |
| 650 | 4 |
_aViolencia familiar _95665 |
|
| 650 | 4 |
_aAbuso de niƱos _971 |
|
| 700 | 1 |
_aMolina, Alejandro, _ecoaut. |
|
| 905 | _aLibro | ||
| 999 |
_c170641 _d170641 |
||